000 00833nam a2200265Ia 4500
003 OSt
005 20220923210959.0
006 a|||||r|||| 00| 0
007 ta
008 220922b |||||||| |||| 00| 0 hin d
020 _a8170160677 (hbk)
024 _a248,714
037 _cTextual
040 _aARTS
_cARTS
_bhin
041 _2hin
_ahin
082 _aO152,6N12x, N1
100 _aप्रभाकर, विष्णु
_9156791
245 0 _aकलाकार का सत्य
246 _aKalākār kā satya
260 _aनयी दिल्ली
_b किताबघर
_c1991
300 _a228पृ.
_ccm.
650 _aहिन्दी साहित्य
_9156264
942 _hO152,6N12x, N1
_cTEXL
_2CC
999 _c293445
_d293445